000 00493nam a2200157 i 4500
001 75218
003 ES-MaACL
005 20230906172355.0
007 t|
008 040923s1922 fr ||||1| fre d
100 1 _aGranger, Ernest.
_959634
245 1 0 _aNouvelle géographie universelle
_b: le monde nouveau, les aspects de la nature /
_cpar Ernest Granger.
260 _aParis :
_b[s.n.,
_c1922] (
_eCorbeil :
_fCreté)
300 _a2 v. ;
_c31 cm.
852 _aES-MaACL
_jC-42179-80
_bR.5197
999 _c75218
_d75218